| 000 | 00846nam a2200241 a 4500 | ||
|---|---|---|---|
| 001 | 000042576 | ||
| 003 | OSt | ||
| 005 | 20230131103017.0 | ||
| 008 | 140128s2013 dr 001 0 spa d | ||
| 020 | _a9789945862843 | ||
| 040 |
_aDO-SdBNP _bspa _cBNPHU |
||
| 082 |
_a294.5436 _bD488a |
||
| 100 | 0 |
_a Devanand Saraswati, _cSwami Guru _d1917-1990 _933363 |
|
| 245 | 1 | 3 |
_aEl alma : energía inagotable : _bsolución a la búsqueda espiritual / _cSwami Gurú Devanand Saraswati Ji Maharaj. |
| 260 |
_aSanto Domingo : _bSociedad Internacional de Realización Divina, _c2013. |
||
| 300 |
_a159 p. ; _c20 cm. |
||
| 500 | _aIncluye datos biográficos del autor en la solapa de la cubierta. | ||
| 590 | _aInventariado, 2018/VM | ||
| 650 | 4 |
_aYoga _9685 |
|
| 650 | 4 |
_aHinduismo _9689 |
|
| 910 | _aValidado. Control de calidad EMS. | ||
| 942 |
_2ddc _cLBS1 |
||
| 999 |
_c42065 _d42065 |
||